Central Library OPAC University of Rajshahi

Neurosecretion / (Record no. 12499)

MARC details
000 -LEADER
fixed length control field 00907cam a2200301 i 4500
001 - CONTROL NUMBER
control field 12499
003 - CONTROL NUMBER IDENTIFIER
rucl marc code BD-RjUL
005 - DATE AND TIME OF LATEST TRANSACTION
control field 20211208235315.0
008 - FIXED-LENGTH DATA ELEMENTS--GENERAL INFORMATION
fixed length control field 140129s1979 nyua b 001 0 eng
020 ## - INTERNATIONAL STANDARD BOOK NUMBER
International Standard Book Number 0470267119
035 ## - SYSTEM CONTROL NUMBER
System control number (BD-RjUL)12548
040 ## - CATALOGING SOURCE
Original cataloging agency DLC
Transcribing agency DLC
Modifying agency DLC
-- BD-RjUL
Language of cataloging eng
041 ## - LANGUAGE CODE
Language code of text/sound track or separate title eng
082 00 - DEWEY DECIMAL CLASSIFICATION NUMBER
Classification number 591.188
Author mark and year MAN
100 1# - MAIN ENTRY--PERSONAL NAME
Personal name Maddrell, S. H. P.
Fuller form of name (Simon Hugh Piper)
9 (RLIN) 38912
245 10 - TITLE STATEMENT
Title Neurosecretion /
Statement of responsibility, etc. Simon H. P. Maddrell, Jean J. Nordmann.
260 ## - PUBLICATION, DISTRIBUTION, ETC. (IMPRINT)
Place of publication, distribution, etc. New York :
Name of publisher, distributor, etc. Wiley,
Date of publication, distribution, etc. 1979.
300 ## - PHYSICAL DESCRIPTION
Pagination x, 173 p. :
Illustrations ill. ;
Size 21 cm.
490 0# - SERIES STATEMENT
Series statement Tertiary level biology
500 ## - GENERAL NOTE
General note "A Halsted Press book."
504 ## - BIBLIOGRAPHY, ETC. NOTE
Bibliography, etc Includes bibliographical references and index.
650 #0 - SUBJECT ADDED ENTRY--TOPICAL TERM
Topical term or geographic name as entry element Neurosecretion.
9 (RLIN) 38913
Topical term or geographic name as entry element Neuroendocrinology.
9 (RLIN) 38914
700 1# - ADDED ENTRY--PERSONAL NAME
Personal name Nordmann, Jean,
Relator term joint author.
942 ## - ADDED ENTRY ELEMENTS (KOHA)
Source of classification or shelving scheme Dewey Decimal Classification
Koha item type Books
Holdings
Lost status Source of classification or shelving scheme Damaged status Not for loan Collection code Permanent Location Current Location Shelving location Date acquired Total Checkouts Full call number Date last seen Copy number Koha item type
  Dewey Decimal Classification     Non-fiction Central Library, University of Rajshahi Central Library, University of Rajshahi   22/12/1983   591.188 MAN 1979 29/01/2014 C-2 Books
  Dewey Decimal Classification   Not For Loan Non-fiction Central Library, University of Rajshahi Central Library, University of Rajshahi Reading Room 22/12/1983   591.188 MAN 1979 27/05/2017 C-1 Books